000 00640nam a22002177a 4500
003 UA-OsUOA
001 80891
007 ta
008 20111228b un ||||| |||| 00| 0 ukr d
100 _aБеценко Т.
090 _a82
_bБ56
942 _cSA
040 _aUA-OsUOA
_bukr
_cUA-OsUOA
_dUA-OsUOA
245 _aТекстово-образна універсалія - характерна ознака мови українських народних дум
300 _aС.79-92
955 _a0
041 _aukr
080 _a82
773 0 _w80888
650 7 _a82 Література. Літературознавство
_2UDC
999 _c367191
_d367191